Cyclisme: Top 100 du Classement UCI de l'année 2021 - Statistiques

Statistiques générales
  • Ce quiz a été pris 502 fois
  • Le résultat moyen est 44 sur 100
Statistiques - réponses
Rang Équipe Coureur % Correct
1er UAE Team Emirates Tadej Pogacar
99%
4ème Deceuninck-Quick Step Julian Alaphilippe
96%
3ème Jumbo-Visma Primoz Roglic
96%
2ème Jumbo-Visma Wout van Aert
96%
7ème Alpecin-Fenix Mathieu van der Poel
94%
15ème Groupama-FDJ David Gaudu
89%
6ème INEOS Grenadiers Egan Bernal
88%
34ème INEOS Grenadiers Geraint Thomas
86%
52ème Team DSM Romain Bardet
86%
49ème Cofidis Guillaume Martin
83%
14ème Deceuninck-Quick Step Remco Evenepoel
78%
11ème Movistar Team Alejandro Valverde
77%
18ème Jumbo-Visma Jonas Vingegaard
77%
17ème Alpecin-Fenix Jasper Philipsen
76%
8ème INEOS Grenadiers Adam Yates
75%
36ème Team BikeExchange Simon Yates
75%
33ème Deceuninck-Quick Step Mark Cavendish
74%
10ème INEOS Grenadiers Richard Carapaz
74%
25ème Movistar Team Enric Mas
71%
51ème Groupama-FDJ Arnaud Démare
70%
65ème Team Arkéa-Samsic Nairo Quintana
70%
64ème Bahrain Victorious Mikel Landa
69%
12ème Bahrain Victorious Matej Mohoric
68%
55ème BORA-hansgrohe Peter Sagan
67%
73ème Lotto Soudal Caleb Ewan
66%
72ème Groupama-FDJ Valentin Madouas
64%
70ème Team Arkéa-Samsic Warren Barguil
64%
62ème Deceuninck-Quick Step Fabio Jakobsen
63%
26ème Groupama-FDJ Stefan Küng
63%
19ème Alpecin-Fenix Tim Merlier
63%
76ème Trek-Segafredo Mads Pedersen
61%
13ème Israel Start-Up Nation Michael Woods
60%
31ème INEOS Grenadiers Tom Pidcock
60%
43ème AG2R Citroën Team Benoît Cosnefroy
59%
39ème Astana-Premier Tech Alexey Lutsenko
56%
40ème AG2R Citroën Team Ben O'Connor
55%
5ème Bahrain Victorious Sonny Colbrelli
54%
54ème INEOS Grenadiers Filippo Ganna
52%
23ème Deceuninck-Quick Step Kasper Asgreen
52%
61ème EF Education-NIPPO Rigoberto Uran
52%
35ème Astana-Premier Tech Aleksandr Vlasov
51%
45ème Deceuninck-Quick Step Yves Lampaert
51%
38ème INEOS Grenadiers Dylan van Baarle
50%
41ème Cofidis Christophe Laporte
49%
69ème UAE Team Emirates Alexander Kristoff
48%
9ème Deceuninck-Quick Step Joao Almeida
46%
44ème Team BikeExchange Michael Matthews
46%
20ème Trek-Segafredo Bauke Mollema
45%
37ème Bahrain Victorious Damiano Caruso
45%
82ème Deceuninck-Quick Step Sam Bennett
45%
63ème Bahrain Victorious Pello Bilbao
44%
77ème Intermarché-Wanty-Gobert Biniam Girmay
41%
16ème Trek-Segafredo Jasper Stuyven
39%
94ème INEOS Grenadiers Michal Kwiatkowski
38%
92ème Movistar Team Miguel Ángel López
38%
32ème Deceuninck-Quick Step Florian Sénéchal
37%
97ème Astana-Premier Tech Jakob Fuglsang
36%
58ème AG2R Citroën Team Greg Van Avermaet
35%
42ème Bahrain Victorious Jack Haig
35%
67ème UAE Team Emirates Marc Hirschi
34%
22ème BORA-hansgrohe Maximilian Schachmann
34%
53ème EF Education-NIPPO Neilson Powless
34%
30ème INEOS Grenadiers Richie Porte
33%
66ème Lotto Soudal Tim Wellens
32%
68ème Cofidis Elia Viviani
31%
87ème Team TotalEnergies Anthony Turgis
30%
71ème Team DSM Tiesj Benoot
30%
56ème Astana-Premier Tech Ion Izagirre
29%
24ème UAE Team Emirates Matteo Trentin
27%
21ème Team Qhubeka NextHash Giacomo Nizzolo
24%
98ème Cofidis Jesus Herrada
24%
48ème BORA-hansgrohe Wilco Kelderman
24%
84ème AG2R Citroën Team Aurélien Paret-Peintre
23%
28ème INEOS Grenadiers Ethan Hayter
22%
86ème BORA-hansgrohe Nils Politt
22%
91ème BORA-hansgrohe Patrick Konrad
22%
50ème BORA-hansgrohe Pascal Ackermann
21%
93ème Team BikeExchange Esteban Chaves
18%
80ème Bahrain Victorious Gino Mäder
18%
29ème Intermarché-Wanty-Gobert Danny van Poppel
17%
75ème INEOS Grenadiers Gianni Moscon
17%
47ème UAE Team Emirates Diego Ulissi
15%
46ème Deceuninck-Quick Step Fausto Masnada
14%
79ème Alpecin-Fenix Gianni Vermeersch
13%
59ème EF Education-NIPPO Michael Valgren
13%
27ème Deceuninck-Quick Step Mikkel Honore
13%
57ème Israel Start-Up Nation Ben Hermans
12%
89ème Astana-Premier Tech Alex Aranburu
10%
60ème AG2R Citroën Team Dorian Godon
10%
83ème Israel Start-Up Nation Hugo Hofstetter
10%
88ème BORA-hansgrohe Jordi Meeus
10%
95ème Uno-X Pro Cycling Team Rasmus Tiller
9%
85ème Intermarché-Wanty-Gobert Lorenzo Rota
7%
78ème UAE Team Emirates Alessandro Covi
6%
90ème Team Arkéa-Samsic Connor Swift
6%
99ème Israel Start-Up Nation Sep Vanmarcke
5%
100ème Intermarché-Wanty-Gobert Odd Christian Eiking
4%
81ème UAE Team Emirates Ryan Gibbons
3%
96ème BORA-hansgrohe Ide Schelling
2%
74ème Lotto Soudal Tosh Van der Sande
1%
Aucun quiz correspondant
Distribution des résultats
% des personnes avec chaque résultat
Percentile par nombre de réponses
Votre historique - résultats
Vous n’avez pas pris ce quiz